Sports Quiz

Random Sports or Football Quiz

NFL Top #2 Running Backs (2000s) Quiz Stats

Quiz Updated Oct 23, 2017

Challenge
Share
Tweet
Embed
Score 0/84 Timer 10:00
7 Plays Today
Rushing Yards Player % Correct
1,117DeAngelo Williams
93.1%
717DeAngelo Williams
93.1%
501DeAngelo Williams
92.8%
658Ricky Williams
92.7%
743Ricky Williams
92.7%
685Felix Jones
87.6%
627Thomas Jones
87.5%
588Julius Jones
87.4%
575Greg Jones
87.3%
511Thomas Jones
87.1%
778Ahmad Bradshaw
81.7%
836Jonathan Stewart
80.3%
654Marion Barber
78%
538Marion Barber
77.6%
768Maurice Jones-Drew
76.3%
941Maurice Jones-Drew
76.3%
581Larry Johnson
74%
556Fred Taylor
70.1%
714Chester Taylor
70%
844Chester Taylor
70%
666Jerome Bettis
69.7%
571Fred Jackson
69%
673Steven Jackson
69%
565Reggie Bush
67.6%
648Ronnie Brown
65.8%
579Onterrio Smith
64.5%
544Onterrio Smith
64.5%
662Edgerrin James
64.3%
Rushing Yards Player % Correct
502Michael Turner
63%
585William Green
62.4%
500Jamal Lewis
59.7%
643Kevin Faulk
59.4%
507Kevin Faulk
59.1%
544Willis McGahee
58.4%
671Willis McGahee
58.3%
672Warrick Dunn
58.2%
523Clinton Portis
55.9%
540Shonn Greene
52.9%
549Stephen Davis
52.7%
1,025Derrick Ward
52.6%
602Derrick Ward
52.6%
773LenDale White
52.5%
541Corey Dillon
51%
681Mike Anderson
48.6%
510Adrian Peterson
45.8%
921Tatum Bell
43.7%
677Mike Bell
43.6%
654Mike Bell
43.6%
588Priest Holmes
43.4%
768Garrison Hearst
38.4%
647Cedric Benson
37%
548Mike Alstott
36.8%
830Duce Staley
34.4%
641Dominic Rhodes
33.2%
538Dominic Rhodes
33.1%
598Tim Hightower
30.1%
Rushing Yards Player % Correct
745Laurence Maroney
29.9%
690Ron Dayne
27.7%
770Ron Dayne
27.7%
574Maurice Morris
27.4%
628Maurice Morris
27.4%
604Maurice Morris
27.4%
509TJ Duckett
23.8%
588Mewelde Moore
22.3%
691Travis Henry
21.8%
619Justin Forsett
21.6%
613Jerious Norwood
20.8%
633Jerious Norwood
20.8%
553Charlie Garner
18.8%
563Earnest Graham
18.8%
549LaMont Jordan
17.8%
581Kevan Barlow
17.3%
675Kevan Barlow
17.3%
512Kevan Barlow
17.2%
542Correll Buckhalter
16.3%
642Correll Buckhalter
16.2%
586Correll Buckhalter
16.2%
613Jason Snelling
15.9%
519James Allen
11.3%
579Troy Hambrick
4.6%
534Kenny Watson
2%
533Kenton Keith
1.5%
515Jesse Chatman
0.8%
551Jason Brookins
0.6%

You're not logged in!

Compare scores with friends on all Sporcle quizzes.
Sign Up with Email
OR
Log In

You Might Also Like...

Show Comments

Extras

Top Quizzes Today


Score Distribution

Your Account Isn't Verified!

In order to create a playlist on Sporcle, you need to verify the email address you used during registration. Go to your Sporcle Settings to finish the process.